| 000 | 01476cam a22003977a 4500 | ||
|---|---|---|---|
| 003 | CHAP | ||
| 005 | 20220817041559.0 | ||
| 008 | 971013s1994 r 00010 d | ||
| 010 | _a18619 | ||
| 011 | _a19591 | ||
| 035 | _a23676 | ||
| 040 | _cCHAP | ||
| 082 |
_a338.9 _bP48 |
||
| 100 | 0 | 0 |
_aPerales Rivas, Martha Alicia _eed. _987003 |
| 245 | 0 |
_aDesarrollo sostenible de los agroecosistemas del sur de Sinaloa : _baño 1 1993-1994 |
|
| 260 |
_aChapingo, Méx. : _bUACH, _c1994 |
||
| 300 |
_a277 p. _b: ilus. ; gráfs. ; mapas |
||
| 500 | _aEl segundo informe de 1994-95 está bajo López Herrera, Agustín | ||
| 590 |
_aBATCH-UPD _b10 _c20130110 _lUCH01 _h1007 |
||
| 590 |
_aBATCH-UPD _b10 _c20130410 _lUCH01 _h0617 |
||
| 590 |
_aBATCH-UPD _b10 _c20130913 _lUCH01 _h2218 |
||
| 590 |
_aBATCH-UPD _b10 _c20130914 _lUCH01 _h1258 |
||
| 590 |
_aCONVERSION _b10 _c20130109 _lUCH01 _h1311 |
||
| 650 | 1 | 4 | _aAgricultura sustentable. |
| 650 | 1 | 4 |
_aAgricultura _xInnovaciones tecnológicas. _91565 |
| 650 | 1 | 4 |
_aAgricultura _xSinaloa. _91794 |
| 650 | 1 | 4 | _aDesarrollo sustentable. |
| 650 | 1 | 4 |
_aEcología agrícola. _935165 |
| 650 | 1 | 4 |
_aEcosistema. _935290 |
| 700 | 0 |
_aFregoso Tirado, Luis Enrique _eed. _943142 |
|
| 901 | _aBK | ||
| 942 | _cLIBRO | ||
| 949 |
_a338.9 P48 _bBC _cLIBRO _d33724000001566 _eLIBRO _h87153 _i23676 _mD _si |
||
| 949 |
_a338.9 P48 _bBC _cLIBRO _d33724000854881 _eLIBRO _fc.3 _h101425 _i23676 _mD _si |
||
| 949 |
_a338.9 P48 _bBC _cUACH _d-55001 _eUACH _fc.2 _h87154 _i23676 _mD _si |
||
| 999 |
_c18619 _d18619 |
||